000 00478nam a2200205Ia 4500
003 0100
008 130227s9999 xx 000 0 und d
040 _cARRUPELIB
050 _aBJ1251.C771 1983
100 _aCook, David
245 4 _aThe moral maze
245 _ba way of exploring christian ethics
260 _aSPCK
260 _bLondon
260 _C1983
300 _ax
300 _b 177p. 22cm.
650 _bTreblinka (Concentration camp)
942 _2lcc
_03
999 _c2136
_d2136